000 01034nam a2200313 a 4500
008 050527s2005||||xo e 000 0 slo d
020 _a8089153143
_q(brož.)
_c10
040 _aSNK
_bslo
_cSNK
_eAACR2
041 0 _aeng
_aslo
044 _axo
_cSK
_cSK
072 7 _a811.111
_xAngličtina
_2konspekt
080 _a811.111
_x(079.1)
_x(035)
_22001
080 _a373.5.016
_22001
080 _a371.279.5/.6
_22001
080 _a(035)
_22001
080 _a(079.1)
_22001
080 _a811.111
_22001
100 1 _aBérešová, Jana
245 1 0 _aNová maturita z angličtiny
_bzákladná úroveň B1 : príprava na maturitu z anglického jazyka
_cJana Bérešová, Marta Macková, Lynda Steyne
250 _a[1. vyd.]
260 _aBratislava
_bAktuell
_c2005
300 _a280 s.
_bfareb. fotogr.
_c29 cm
_e2 CD
504 _aBibliogr. s. 262
650 0 7 _aangličtina
_2SNKPH
650 0 7 _amaturitné skúšky
_2SNKPH
650 0 7 _aučivo stredných škôl
_2SNKPH
700 1 _aMacková, Marta
_4aut
700 1 _aSteyne, Lynda
_4aut
999 _c14063
_d14063